Normal view
MARC view
- Sebille, Erik van
Entry Personal Name
001 - CONTROL NUMBER
- control field: 25751
003 - CONTROL NUMBER IDENTIFIER
- control field: IN-BhIIT
005 - DATE AND TIME OF LATEST TRANSACTION
- control field: 20250311110818.0
008 - FIXED-LENGTH DATA ELEMENTS
- fixed length control field: 250311|| aca||aabn | a|a d
040 ## - CATALOGING SOURCE
- Original cataloging agency: IN-BhIIT
- Transcribing agency: IN-BhIIT
100 ## - HEADING--PERSONAL NAME
- Personal name: Sebille, Erik van
670 ## - SOURCE DATA FOUND
- Source citation: Work cat.: (IN-BhIIT)14792: Marsh, Robert, Author. 25750, Ocean currents :, 2021.